00358nam a2200157Ia 45000010006000000050017000060080041000230410008000640820017000721000025000892450033001142600009001473000028001566500008001846540008001921390720260306164835.0260306t2009||||xx |||||||||||||| ||spa|| aESP a005.43UbG77 aGrant, RickfordeAUT 0aManual imprescindible Ubuntu c2009 a416 páginas :c22 cm. aGEN aCCC